Countries not bordering any Smaller (or Larger) Country - Statistics

General Stats
  • This quiz has been taken 611 times
  • The average score is 45 of 65
Answer Stats
Country % Correct
Russia
96%
Canada
91%
Brazil
89%
Vatican City
86%
San Marino
84%
South Korea
83%
Andorra
82%
DR Congo
82%
Liechtenstein
82%
Ireland
81%
Lesotho
81%
Algeria
80%
Haiti
80%
Luxembourg
80%
Qatar
79%
Brunei
78%
Denmark
78%
Monaco
78%
Gambia
75%
Indonesia
75%
Belize
74%
Dominican Republic
74%
Nepal
74%
Bhutan
73%
Portugal
73%
South Africa
73%
Iran
72%
Kosovo
72%
Saudi Arabia
72%
Swaziland
72%
Rwanda
71%
Sweden
71%
Djibouti
70%
Ecuador
70%
Sudan
70%
Costa Rica
69%
Cambodia
68%
East Timor
68%
El Salvador
68%
Kuwait
68%
Lebanon
68%
Chile
66%
Estonia
66%
Suriname
66%
Uruguay
65%
Togo
64%
Armenia
63%
Papua New Guinea
63%
Equatorial Guinea
62%
Moldova
62%
Nicaragua
60%
Norway
60%
Tajikistan
59%
Paraguay
57%
Bangladesh
56%
Malawi
56%
Slovenia
56%
Guinea-Bissau
55%
Mongolia
55%
Tunisia
55%
Slovakia
48%
Sierra Leone
46%
Morocco
42%
Zimbabwe
35%
Sri Lanka
28%
No matching quizzes found
Score Distribution
Percent of People with Each Score
Percentile by Number Answered
Your Score History
You have not taken this quiz